[Event "Top16 Chalons"]
[Site "Chalons en Champagne"]
[Date "2009.04.30"]
[Round "4.8"]
[White "Leclair, Marie"]
[Black "Forestier, Carole"]
[Result "0-1"]
[WhiteElo "1987"]
[BlackElo "2099"]
[WhiteTeam "Metz Fischer"]
[BlackTeam "Grasse"]

1. e4 e6 2. d4 d5 3. Nd2 Nf6 4. e5 Nfd7 5. c3 c5 6. f4 Nc6 7. Ndf3 Qb6 8. g3
cxd4 9. cxd4 Bb4+ 10. Kf2 g5 11. h3 f6 12. Kg2 Be7 13. fxg5 fxe5 14. Nxe5 Ndxe5
15. dxe5 Nxe5 16. Qh5+ Ng6 17. Bd3 e5 18. Qe2 Rf8 19. h4 e4 20. Bc2 Bg4 21.
Ba4+ Kd8 22. Qe3 Bc5 0-1

[Event "Top16 Chalons"]
[Site "Chalons en Champagne"]
[Date "2009.05.1"]
[Round "5.1"]
[White "Nijboer, Friso"]
[Black "Stellwagen, Daniel"]
[Result "1/2-1/2"]
[WhiteElo "2562"]
[BlackElo "2619"]
[WhiteTeam "Vandoeuvre"]
[BlackTeam "Montpellier"]

1. e4 c6 2. d4 d5 3. e5 Bf5 4. Nf3 e6 5. Be2 c5 6. Be3 cxd4 7. Nxd4 Ne7 8. Bg5
Qa5+ 9. Nc3 Nbc6 10. Ndb5 Ng6 11. a3 Be7 12. Bxe7 Kxe7 13. b4 Qd8 14. Nd6 d4
15. Ncb5 Ngxe5 16. O-O a6 17. Nxb7 Qb6 18. N5d6 Bg6 19. Kh1 Rhb8 20. f4 Nd7 21.
Bf3 Rxb7 22. Nxb7 Qxb7 23. c4 dxc3 24. Qe1 Bd3 25. Rg1 Nf6 26. Qxc3 Be4 27.
Rge1 Bxf3 28. Qxf3 Rd8 29. f5 Rd5 30. fxe6 fxe6 31. Rad1 Qd7 32. Rxd5 Qxd5 33.
Qc3 e5 34. a4 h5 35. h3 h4 36. Rc1 Kd7 37. Qe1 Qe4 38. b5 axb5 39. axb5 Nd4 40.
Qxe4 Nxe4 41. b6 Nd6 42. Rc7+ Kd8 43. Rxg7 Kc8 44. g3 1/2-1/2

[Event "Top16 Chalons"]
[Site "Chalons en Champagne"]
[Date "2009.05.1"]
[Round "5.4"]
[White "Hamdouchi, Hicham"]
[Black "Landa, Konstantin"]
[Result "1/2-1/2"]
[WhiteElo "2596"]
[BlackElo "2627"]
[WhiteTeam "Montpellier"]
[BlackTeam "Vandoeuvre"]

1. d4 Nf6 2. Bf4 d5 3. e3 c5 4. c3 Nc6 5. Nd2 cxd4 6. exd4 Bf5 7. Ngf3 e6 8.
Qb3 Qc8 9. Be2 Be7 10. Ne5 Ne4 11. Nxe4 Bxe4 12. f3 Bg6 13. h4 Nxe5 14. Bxe5 f6
15. h5 Bxh5 16. Rxh5 fxe5 1/2-1/2

[Event "Top16 Chalons"]
[Site "Chalons en Champagne"]
[Date "2009.05.1"]
[Round "5.5"]
[White "Nezar, Mustapha"]
[Black "Kosten, Anthony C."]
[Result "1-0"]
[WhiteElo "2394"]
[BlackElo "2513"]
[WhiteTeam "Vandoeuvre"]
[BlackTeam "Montpellier"]

1. d4 Nf6 2. c4 e6 3. Nf3 Bb4+ 4. Bd2 a5 5. Qc2 d6 6. g3 Nc6 7. Bg2 e5 8. d5
Bxd2+ 9. Qxd2 Ne7 10. Nc3 O-O 11. O-O Nd7 12. Na4 Ng6 13. a3 Qe7 14. e4 Nf6 15.
Qc2 Bd7 16. Ne1 b5 17. cxb5 Bxb5 18. Nd3 c5 19. dxc6 Rfc8 20. Nc3 Bxc6 21. Qe2
Nf8 22. f4 Ne6 23. Rae1 Bb7 24. fxe5 Nd4 25. Qf2 dxe5 26. Nd5 Bxd5 27. exd5 Qa7
28. Kh1 Rc2 29. Qg1 Rb8 30. Rxe5 Rd2 31. Qe3 Re2 32. Qf4 Rxe5 33. Nxe5 Rxb2 34.
Rc1 Ne8 35. Nxf7 Ne2 36. Qe5 Qb8 37. Qe6 Nc7 38. Nh6+ Kh8 39. Nf7+ Kg8 40. Rxc7
Rb1+ 41. Bf1 Rxf1+ 42. Kg2 1-0

[Event "Top16 Chalons"]
[Site "Chalons en Champagne"]
[Date "2009.05.1"]
[Round "5.8"]
[White "Haussernot, Cecile"]
[Black "Congiu, Mathilde"]
[Result "1-0"]
[WhiteElo "1924"]
[BlackElo "2212"]
[WhiteTeam "Montpellier"]
[BlackTeam "Vandoeuvre"]

1. e4 e5 2. Nf3 Nc6 3. Bc4 Bc5 4. b4 Bxb4 5. c3 Be7 6. O-O Nf6 7. Re1 O-O 8. d4
d6 9. h3 exd4 10. cxd4 d5 11. Bxd5 Nxd5 12. exd5 Qxd5 13. Nc3 Qc4 14. Bb2 Bd6
15. d5 Nb4 16. Re4 Qd3 17. Qb3 a5 18. Rd1 Qa6 19. a4 Bf5 20. Nd4 Bxe4 21. Nxe4
Rfe8 22. Nxd6 Qxd6 23. Nb5 Qf4 24. Qc3 f6 25. Nxc7 Re2 26. Qc5 Rxb2 27. Nxa8
Rc2 28. Qb6 Rc1 29. Rxc1 Qxc1+ 30. Kh2 h6 31. Qe6+ Kh8 32. Qe8+ Kh7 33. Qe4+
Kg8 34. d6 Qc6 35. Qe6+ Kh8 36. Nc7 Nd3 37. Qc8+ Kh7 38. Qf5+ 1-0

[Event "Top16 Chalons"]
[Site "Chalons en Champagne"]
[Date "2009.05.1"]
[Round "5.2"]
[White "Tkachiev, Vladislav"]
[Black "Riazantsev, Alexander"]
[Result "1/2-1/2"]
[WhiteElo "2657"]
[BlackElo "2635"]
[WhiteTeam "Cannes"]
[BlackTeam "Metz Fischer"]

1. d4 Nf6 2. c4 e6 3. Nf3 b6 4. g3 Bb4+ 5. Bd2 Bxd2+ 6. Qxd2 Bb7 7. Bg2 O-O 8.
O-O d6 9. Qf4 Qe7 10. Nc3 c5 11. d5 a6 12. a4 Nbd7 13. e4 Rfe8 14. Rad1 h5 15.
h4 Ne5 16. Nxe5 1/2-1/2

[Event "Top16 Chalons"]
[Site "Chalons en Champagne"]
[Date "2009.05.1"]
[Round "5.3"]
[White "Svetushkin, Dmitry"]
[Black "Kazhgaleyev, Murtas"]
[Result "1/2-1/2"]
[WhiteElo "2615"]
[BlackElo "2626"]
[WhiteTeam "Metz Fischer"]
[BlackTeam "Cannes"]

1. d4 d5 2. c4 c6 3. Nf3 Nf6 4. e3 Bg4 5. h3 Bh5 6. Nc3 e6 7. g4 Bg6 8. Nh4
Nbd7 9. Bd2 Bb4 10. Nxg6 hxg6 11. Qb3 Bxc3 12. Bxc3 Ne4 13. Bg2 Nxc3 14. bxc3
Qc7 15. cxd5 exd5 16. c4 Qa5+ 17. Kf1 Qa6 18. Kg1 dxc4 19. Qb4 O-O-O 20. Kh2
Nf6 21. Rhc1 Nxg4+ 22. Kg1 Nf6 23. Rxc4 Nd5 24. Qb3 Qb6 25. Qa3 Rh5 26. Qc1 Qc7
27. Rb1 Rdh8 28. Rc5 Rh4 29. Kh1 Qd7 30. Qf1 Kb8 31. Rb3 R8h5 32. Kg1 Ka8 33.
Ra3 Nb6 34. d5 cxd5 35. Rca5 Nc8 36. Qd1 Rg5 37. Qf3 Rxh3 38. Rxd5 Qxd5 39.
Qxd5 Rxd5 40. Bxd5 f5 41. Rd3 Rh8 42. Bg2 Nb6 43. Rd6 Rf8 44. Re6 Nc8 45. Rxg6
Rf7 46. Bd5 Re7 47. Kg2 Kb8 48. Kf3 Kc7 49. Kf4 Nd6 50. Be6 b5 51. f3 a5 52. e4
fxe4 53. fxe4 Kc6 54. e5 Ne8 55. Bf7+ Kc5 56. e6 a4 57. Ke5 b4 58. Bxe8 Rxe8
59. Rxg7 b3 60. axb3 axb3 61. Rb7 Kc4 62. e7 Kc3 1/2-1/2

[Event "Top16 Chalons"]
[Site "Chalons en Champagne"]
[Date "2009.05.1"]
[Round "5.4"]
[White "Fontaine, Robert"]
[Black "Koch, Jean-Rene"]
[Result "1/2-1/2"]
[WhiteElo "2546"]
[BlackElo "2453"]
[WhiteTeam "Cannes"]
[BlackTeam "Metz Fischer"]

1. e4 e5 2. Nf3 Nf6 3. Nxe5 d6 4. Nf3 Nxe4 5. d4 d5 6. Bd3 Nc6 7. O-O Bg4 8. c4
Nf6 9. Nc3 Bxf3 10. Qxf3 Nxd4 11. Qh3 dxc4 12. Bxc4 Qc8 13. Re1+ Be7 14. Rxe7+
Kxe7 15. Qe3+ Ne6 16. f4 Qd7 17. b3 Ng4 18. Qe4 Qd4+ 19. Qxd4 Nxd4 20. Ba3+ Kf6
21. Nd5+ Kg6 22. h3 Nf6 23. Ne7+ Kh5 24. Bc5 Rhe8 25. Bxf7+ g6 26. Bxe8 Ne2+
27. Kh2 Rxe8 28. g4+ Nxg4+ 29. hxg4+ Kxg4 30. Nd5 Rd8 31. Rd1 Kf3 32. Be7 Rc8
33. Bg5 h6 34. Bh4 g5 35. fxg5 hxg5 36. Rf1+ Kg4 37. Be1 Rh8+ 38. Kg2 Nf4+ 39.
Nxf4 gxf4 40. Bc3 Rh5 41. Bd2 f3+ 42. Kf2 Rh2+ 43. Ke3 Re2+ 44. Kd3 Kg3 45.
Rg1+ Rg2 46. Rh1 f2 47. Be3 Kf3 48. Rf1 a5 49. a3 b6 50. b4 axb4 51. axb4 c5
52. bxc5 bxc5 53. Bxc5 Rh2 54. Bd4 Rg2 55. Bc5 Rh2 56. Bd4 Rg2 57. Bc5 Rh2 58.
Ra1 Rh7 59. Rf1 1/2-1/2

[Event "Top16 Chalons"]
[Site "Chalons en Champagne"]
[Date "2009.05.1"]
[Round "5.5"]
[White "Pucher, Sebastien"]
[Black "Siebrecht, Sebastian"]
[Result "1/2-1/2"]
[WhiteElo "2278"]
[BlackElo "2433"]
[WhiteTeam "Metz Fischer"]
[BlackTeam "Cannes"]

1. e4 c5 2. Nf3 g6 3. Nc3 Bg7 4. d4 cxd4 5. Nxd4 Nc6 6. Nde2 Nf6 7. g3 O-O 8.
Bg2 d6 9. O-O Bd7 10. h3 Rb8 11. a4 a6 12. Nd5 Nxd5 13. exd5 Ne5 14. Ra2 b5 15.
axb5 axb5 16. b3 Be8 17. Nd4 Rb7 18. Re1 Qb6 19. Be3 Qc7 20. Qe2 b4 21. Qd2 Nd7
22. Ra4 Nf6 23. Rxb4 Rxb4 24. Qxb4 Bd7 25. Ra1 Rc8 26. Qa5 Qb8 27. c4 e6 28.
dxe6 fxe6 29. Qa6 Ne8 30. Ra3 Qb4 31. Qa5 Qb8 32. Qd2 Nf6 33. Qa2 Qb4 34. Bd2
Qb6 35. Be3 Qb4 36. Ra8 Rxa8 37. Qxa8+ Kf7 38. Qb7 Qxb7 39. Bxb7 e5 40. Nf3 h6
41. Kg2 Be6 42. Nd2 d5 43. Nf3 e4 44. Ne5+ Ke8 45. cxd5 Nxd5 46. Nxg6 Nxe3+ 47.
fxe3 Bxb3 48. Bxe4 Bb2 49. Nf4 Ke7 50. Nd3 Bc3 51. Kf3 Kf6 52. Kf4 Bd1 53. g4
Be2 54. h4 Ba5 55. g5+ hxg5+ 56. hxg5+ Kg7 57. Nc5 Bc4 58. Bf5 Bc7+ 59. Ke4 Bb6
60. Nd7 Bd8 61. Kf4 Bc7+ 62. Ke4 Bd8 63. Ne5 Ba2 64. Nf3 Bc7 65. Nd4 Bd8 66.
Be6 Bb1+ 67. Kf4 Kg6 68. Nf3 Bc7+ 69. Kg4 Bb6 70. Nh4+ Kg7 71. Bf5 Ba2 72. e4
Bc4 73. e5 Be3 74. Be4 Be6+ 75. Bf5 Bb3 76. Bd3 Be6+ 77. Nf5+ Kg6 78. Kf3 Bxg5
79. Nd4+ Kf7 80. Bg6+ Kxg6 81. Nxe6 1/2-1/2

[Event "Top16 Chalons"]
[Site "Chalons en Champagne"]
[Date "2009.05.1"]
[Round "5.6"]
[White "Govciyan, Pavel"]
[Black "Pucher, Olivier"]
[Result "1-0"]
[WhiteElo "2412"]
[BlackElo "2313"]
[WhiteTeam "Cannes"]
[BlackTeam "Metz Fischer"]

1. d4 Nf6 2. Nf3 e6 3. Bf4 c5 4. e3 b6 5. Bd3 Bb7 6. h3 Be7 7. a3 d6 8. O-O O-O
9. c4 Nbd7 10. Nc3 Re8 11. Bg3 a6 12. Re1 Qc7 13. b4 Rac8 14. Rb1 Qb8 15. bxc5
bxc5 16. Ne4 Qc7 17. Bxd6 Bxd6 18. Rxb7 Bh2+ 19. Nxh2 Qxb7 20. Nd6 Qb6 21. Nxe8
Nxe8 22. Nf3 Nd6 23. Qa4 Qa7 24. Qc2 g6 25. h4 Nb6 26. Ne5 Qe7 27. Rb1 Qc7 28.
h5 f6 29. Ng4 Nd7 30. hxg6 hxg6 31. d5 exd5 32. Bxg6 Nxc4 33. Qf5 Kg7 34. Qxd5
Ndb6 35. Qf5 Qe7 36. Bh5 Rh8 37. Rd1 Ne5 38. Nxe5 1-0

[Event "Top16 Chalons"]
[Site "Chalons en Champagne"]
[Date "2009.05.1"]
[Round "5.7"]
[White "Taddei, Benoit"]
[Black "Leconte, Maria"]
[Result "1/2-1/2"]
[WhiteElo "2314"]
[BlackElo "2334"]
[WhiteTeam "Metz Fischer"]
[BlackTeam "Cannes"]

1. e4 e6 2. d4 d5 3. Nc3 Nf6 4. e5 Nfd7 5. f4 c5 6. Nf3 Nc6 7. Be3 cxd4 8. Nxd4
Bc5 9. Qd2 O-O 10. O-O-O a6 11. Nb3 b6 12. h4 Bb7 13. h5 Rc8 14. Rh3 Qe7 15. g4
Bb4 16. Qf2 Bxc3 17. bxc3 Na5 18. Bxb6 Nc4 19. Bxc4 dxc4 20. Rxd7 Qxd7 21. Nc5
Qc6 22. Nxb7 Qxb7 23. h6 g6 24. a4 f6 25. exf6 Rxf6 26. Bd4 Rf7 27. Qe3 Qd5 28.
Rf3 Re8 29. g5 Rf5 30. Rf2 Qh1+ 31. Kd2 Qc6 32. Rf1 e5 33. Re1 Rxf4 34. Bxe5
Qd5+ 35. Kc1 Rf5 36. Qa7 Qf7 37. Qd4 Rxg5 38. Kb2 Rf5 39. Re3 Rf1 40. Bd6 Rxe3
41. Qxe3 Rf5 42. Qb6 Qd7 43. Qxa6 Kf7 44. Qxc4+ Kf6 45. Bc5 g5 46. a5 Qd5 47.
Qa6+ Kf7 48. Bb4 Qd7 49. Qa8 Kg6 50. a6 Rf7 51. Qb8 Qa7 52. Qb5 Rf6 53. Qe8+
Kf5 54. Qc8+ Kg6 55. Qe8+ Kf5 56. Qc8+ Kg6 1/2-1/2

[Event "Top16 Chalons"]
[Site "Chalons en Champagne"]
[Date "2009.05.1"]
[Round "5.8"]
[White "Levacic, Damir"]
[Black "Leclair, Marie"]
[Result "1-0"]
[WhiteElo "2284"]
[BlackElo "1987"]
[WhiteTeam "Cannes"]
[BlackTeam "Metz Fischer"]

1. e4 c5 2. Nc3 Nc6 3. Bb5 g6 4. d3 Bg7 5. Bxc6 bxc6 6. f4 d6 7. Nf3 Qc7 8. O-O
e6 9. Qe1 Ne7 10. Qh4 h5 11. Bd2 Ba6 12. b3 d5 13. Rae1 Rd8 14. f5 gxf5 15.
exf5 Nxf5 16. Qa4 Qb6 17. Ne5 Bxe5 18. Rxe5 Kd7 19. Nxd5 exd5 20. Rfxf5 Kc8 21.
Ba5 Qb7 22. Bxd8 Rxd8 23. Qf4 c4 24. Rxf7 Qb6+ 25. d4 cxb3 26. cxb3 Qa5 27.
Ree7 Rd7 28. Qf5 1-0

[Event "Top16 Chalons"]
[Site "Chalons en Champagne"]
[Date "2009.05.1"]
[Round "5.2"]
[White "Karim, Ismael"]
[Black "Krasenkow, Michal"]
[Result "0-1"]
[WhiteElo "2410"]
[BlackElo "2622"]
[WhiteTeam "Grasse"]
[BlackTeam "Chalons en Champagne"]

1. e4 c5 2. Nf3 e6 3. d4 cxd4 4. Nxd4 Nf6 5. Nc3 Nc6 6. Ndb5 d6 7. Bf4 e5 8.
Bg5 a6 9. Na3 b5 10. Nd5 Be7 11. Bxf6 Bxf6 12. c3 Ne7 13. Nxf6+ gxf6 14. Nc2
Bb7 15. Bd3 d5 16. exd5 Qxd5 17. Ne3 Qe6 18. a4 Rd8 19. Qc2 e4 20. Be2 O-O 21.
axb5 axb5 22. O-O f5 23. g3 Ng6 24. Rad1 f4 25. Rxd8 Rxd8 26. Rd1 Rxd1+ 27.
Nxd1 e3 28. fxe3 fxg3 29. hxg3 Qh3 30. Kf2 Ne5 0-1

[Event "Top16 Chalons"]
[Site "Chalons en Champagne"]
[Date "2009.05.1"]
[Round "5.5"]
[White "Cornette, Matthieu"]
[Black "Shoker, Samy"]
[Result "0-1"]
[WhiteElo "2573"]
[BlackElo "2404"]
[WhiteTeam "Chalons en Champagne"]
[BlackTeam "Grasse"]

1. e4 g6 2. d4 Bg7 3. Nc3 d6 4. Be3 a6 5. f4 b5 6. Bd3 Nd7 7. Nf3 c5 8. e5 b4
9. Ne4 cxd4 10. Bxd4 Nh6 11. exd6 Bxd4 12. Nxd4 Qb6 13. Bc4 Bb7 14. Qd3 e5 15.
fxe5 Nxe5 16. Qe3 O-O-O 17. Bd3 Nhg4 18. Qg1 f5 19. Ng5 Nxd3+ 20. cxd3 Rhe8+
21. Kd2 Rxd6 22. Nb3 Nf2 23. Rc1+ Kb8 24. Nc5 Rxd3+ 0-1

[Event "Top16 Chalons"]
[Site "Chalons en Champagne"]
[Date "2009.05.1"]
[Round "5.6"]
[White "Andonov, Bogomil"]
[Black "Apicella, Manuel"]
[Result "0-1"]
[WhiteElo "2321"]
[BlackElo "2521"]
[WhiteTeam "Grasse"]
[BlackTeam "Chalons en Champagne"]

1. Nf3 Nf6 2. c4 g6 3. Nc3 Bg7 4. e4 d6 5. d4 O-O 6. h3 e5 7. d5 a5 8. g4 Na6
9. Bd3 c6 10. Be3 cxd5 11. cxd5 Bd7 12. Nd2 Nc5 13. Be2 Ne8 14. h4 f5 15. h5
fxg4 16. hxg6 hxg6 17. Nf1 Qf6 18. Ng3 Nc7 19. Kf1 b5 20. Nb1 b4 21. Nd2 Nb5
22. Nc4 Ra6 23. Bxg4 Nd4 24. Bxd7 Nxd7 25. Rc1 Nc5 26. Kg2 a4 27. Rh3 Ra7 28.
Nh1 Nxe4 29. Qg4 Nc5 30. Bg5 Qf7 31. Qh4 Qxd5+ 32. Kf1 Rf3 33. Qh7+ Kf8 34. Rh6
Raf7 35. Rxg6 Rxf2+ 36. Nxf2 Rxf2+ 37. Kxf2 Qf3+ 38. Kg1 Ne2+ 39. Kh2 Qf2+ 0-1

[Event "Top16 Chalons"]
[Site "Chalons en Champagne"]
[Date "2009.05.1"]
[Round "5.8"]
[White "Forestier, Carole"]
[Black "Belkhodja, Slim"]
[Result "0-1"]
[WhiteElo "2099"]
[BlackElo "2479"]
[WhiteTeam "Grasse"]
[BlackTeam "Chalons en Champagne"]

1. d4 d6 2. c4 e5 3. Nf3 e4 4. Nfd2 f5 5. e3 Nf6 6. Nc3 g6 7. f3 exf3 8. Nxf3
Bg7 9. Bd3 O-O 10. O-O c5 11. Kh1 Nc6 12. d5 Nb4 13. Bb1 Qe7 14. a3 Na6 15. Qc2
Ng4 16. e4 f4 17. Ba2 Bd7 18. Bd2 Ne5 19. Nxe5 Bxe5 20. Ne2 g5 21. Bc3 Be8 22.
Rae1 Bg6 23. Bb1 Nb8 24. Bxe5 Qxe5 25. Nc1 Nd7 26. b4 b6 27. Nb3 Qg7 28. Nd2 g4
29. h3 h5 30. Rf2 Rf7 31. Ref1 Raf8 32. Qd1 Ne5 33. Bc2 Qh6 34. Qc1 f3 35. gxf3
g3 36. Rg2 h4 37. Qd1 Bh5 38. Qc1 Nxf3 39. Bd1 Nxd2 40. Rxf7 Rxf7 0-1

[Event "Top16 Chalons"]
[Site "Chalons en Champagne"]
[Date "2009.05.1"]
[Round "5.1"]
[White "Rozentalis, Eduardas"]
[Black "Korneev, Oleg"]
[Result "1/2-1/2"]
[WhiteElo "2595"]
[BlackElo "2587"]
[WhiteTeam "Strasbourg"]
[BlackTeam "Antibes"]

1. e4 e5 2. Nf3 Nc6 3. Bb5 a6 4. Bxc6 dxc6 5. O-O f6 6. d4 exd4 7. Nxd4 c5 8.
Ne2 Qxd1 9. Rxd1 Bd7 10. Be3 O-O-O 11. Nbc3 Re8 12. f3 f5 13. Ng3 Bd6 14. Bf2
f4 15. Nge2 Nf6 16. Rd2 b6 17. Rad1 g5 18. Nd5 Nxd5 19. Rxd5 Rhg8 1/2-1/2

[Event "Top16 Chalons"]
[Site "Chalons en Champagne"]
[Date "2009.05.1"]
[Round "5.2"]
[White "Parligras, Mircea"]
[Black "Doettling, Fabian"]
[Result "1/2-1/2"]
[WhiteElo "2586"]
[BlackElo "2564"]
[WhiteTeam "Antibes"]
[BlackTeam "Strasbourg"]

1. e4 c6 2. d4 d5 3. e5 Bf5 4. Nf3 e6 5. Be2 Nd7 6. O-O Ne7 7. Nbd2 Nc8 8. Nb3
Be7 9. a4 O-O 10. Be3 f6 11. a5 Qc7 12. exf6 Nxf6 13. Ne5 Bd6 14. f4 Ne7 15. c3
b6 16. axb6 axb6 17. Nd2 h6 18. b4 Ne4 19. Nxe4 Bxe4 20. Qd2 Qb7 21. Qb2
1/2-1/2

[Event "Top16 Chalons"]
[Site "Chalons en Champagne"]
[Date "2009.05.1"]
[Round "5.3"]
[White "Vaisser, Anatoly"]
[Black "Miralles, Gilles"]
[Result "1/2-1/2"]
[WhiteElo "2513"]
[BlackElo "2477"]
[WhiteTeam "Strasbourg"]
[BlackTeam "Antibes"]

1. d4 d5 2. c4 e6 3. Nc3 c5 4. e3 Nf6 5. Nf3 Nc6 6. a3 Bd6 7. dxc5 Bxc5 8. b4
Bb6 9. Bb2 O-O 10. Qc2 Bd7 11. Na4 Rc8 12. Nxb6 axb6 13. Qb3 Qe7 14. cxd5 exd5
15. Be2 Be6 16. Qd3 Ne4 17. O-O Nd6 18. b5 Na5 19. Bc3 Nac4 20. Bb4 Rfd8 21. a4
Qe8 22. Ng5 Bf5 23. Qxd5 Bg6 24. Bxc4 Nxc4 25. Qxb7 h6 26. Nh3 Rd7 27. Qf3 Ne5
28. Qg3 Rc4 29. f4 Rxb4 30. fxe5 Rd2 31. Nf2 Rbb2 32. Rad1 Re2 33. Rde1 Red2
34. Rd1 Re2 35. Rde1 Red2 36. Rd1 1/2-1/2

[Event "Top16 Chalons"]
[Site "Chalons en Champagne"]
[Date "2009.05.1"]
[Round "5.5"]
[White "Roos, Daniel"]
[Black "Acher, Mathieu"]
[Result "1-0"]
[WhiteElo "2425"]
[BlackElo "2381"]
[WhiteTeam "Strasbourg"]
[BlackTeam "Antibes"]

1. Nf3 Nc6 2. d4 d5 3. Bf4 Bg4 4. Nbd2 f6 5. c3 e6 6. Qb3 Rb8 7. e3 Bd6 8. Bxd6
Qxd6 9. Be2 Nge7 10. c4 O-O 11. O-O Kh8 12. Rfe1 e5 13. cxd5 Qxd5 14. Qxd5 Nxd5
15. dxe5 fxe5 16. a3 a6 17. Rac1 Nf6 18. h3 Bd7 19. Ng5 h6 20. Nge4 Rbd8 21.
Red1 Nxe4 22. Nxe4 Bc8 23. Rxd8 Rxd8 24. Bf3 a5 25. Kf1 Kg8 26. Ke2 Kf7 27. Nc5
Rd6 28. Ne4 Rd8 29. g4 Ke7 30. Nc5 Rd6 31. Nd3 Kf6 32. Nc5 Ke7 33. Rc3 g6 34.
Ne4 Rd8 35. Ke1 Rf8 36. Bg2 h5 37. g5 Rf5 38. h4 Rf8 39. Nf6 Bd7 40. Be4 Bf5
41. Bxc6 bxc6 42. Rxc6 Rb8 43. e4 Be6 44. Rxc7+ Kd6 45. Ra7 Rxb2 46. Ra6+ Ke7
47. Rxa5 Bc4 48. Rc5 Be6 49. Rxe5 Rb1+ 50. Ke2 Rb2+ 51. Ke3 Rb3+ 52. Kf4 Rxa3
53. Rb5 Bc4 54. Rb4 Be2 55. Ke5 Ba6 56. Nd5+ Kf7 57. Rb6 Bc8 58. Rf6+ Kg7 59.
Ne7 Bb7 60. Nxg6 Ra4 61. f3 Ba8 62. Nf4 Ra5+ 63. Ke6 Ra6+ 64. Ke7 Ra7+ 65. Ke8
Bb7 66. Nxh5+ Kh8 67. Rf8+ 1-0

[Event "Top16 Chalons"]
[Site "Chalons en Champagne"]
[Date "2009.05.1"]
[Round "5.6"]
[White "Bijaoui, Manuel"]
[Black "Roos, Louis"]
[Result "1/2-1/2"]
[WhiteElo "2409"]
[BlackElo "2350"]
[WhiteTeam "Antibes"]
[BlackTeam "Strasbourg"]

1. e4 d6 2. d4 Nf6 3. Nc3 g6 4. Nf3 Bg7 5. Be2 O-O 6. O-O Bg4 7. Be3 c6 8. Nd2
Bxe2 9. Qxe2 e5 10. Rfd1 Qe7 11. dxe5 dxe5 12. Nb3 Nbd7 13. Rd2 b6 14. Rad1
Rfc8 15. a4 Nf8 16. a5 Rab8 17. Qa6 Qb7 18. Qxb7 Rxb7 19. axb6 axb6 20. Rd8
Rxd8 21. Rxd8 Ng4 22. Rc8 c5 23. Nd5 f5 24. Bg5 Kf7 25. f3 Ne6 26. fxg4 Nxg5
27. exf5 Ne4 28. h4 gxf5 29. gxf5 Nd6 30. Rc6 Nxf5 31. Nxb6 e4 32. Nc4 Rd7 33.
Rxc5 Ke6 34. Kf2 Nd4 35. Ncd2 Nxb3 36. Nxb3 Bxb2 37. Ke3 Rg7 38. Kxe4 Rg4+ 39.
Kf3 Rxh4 40. c3 Kd6 41. c4 Bc3 42. Rd5+ Kc6 43. g4 Rh3+ 44. Ke4 Rh4 45. Kf4 Rh1
46. Kg5 Bb2 47. Nd4+ Kc7 48. c5 h6+ 49. Kg6 Bxd4 50. Rxd4 Rh4 51. Rf4 Kc6 52.
Rf6+ Kxc5 53. Kf5 Rh1 54. Re6 Kd4 55. Re8 Rh4 56. Rh8 Ke3 57. Re8+ Kd4 58. Rd8+
Ke3 59. Rd5 Rh1 60. Ra5 Rh4 61. Ra4 Rh1 62. Ra3+ Kd4 63. Ra8 Ke3 64. Rh8 Rh4
65. Rh7 Kf3 66. Rb7 Ke3 67. Rb3+ Kd4 68. Rg3 Rh1 69. Ra3 Rh4 70. Rf3 Kc4 71.
Rf4+ Kd3 72. Ke5 Rh1 73. Rd4+ Ke3 74. Ra4 Kf3 75. Kf5 Kg3 76. Ra3+ Kh4 77. Ra4
Rg1 78. Rf4 Kg3 79. g5 hxg5 1/2-1/2

[Event "Top16 Chalons"]
[Site "Chalons en Champagne"]
[Date "2009.05.1"]
[Round "5.7"]
[White "Roos, Jean-Luc"]
[Black "Perez, Flavio"]
[Result "0-1"]
[WhiteElo "2273"]
[BlackElo "2275"]
[WhiteTeam "Strasbourg"]
[BlackTeam "Antibes"]

1. d4 g6 2. c4 Bg7 3. Nc3 d6 4. Nf3 Nd7 5. g3 e5 6. Bg2 Ngf6 7. O-O O-O 8. h3
c6 9. e4 Qa5 10. Re1 exd4 11. Nxd4 Ne5 12. Bf1 Re8 13. Rb1 Be6 14. b4 Qc7 15.
f4 Ned7 16. f5 gxf5 17. exf5 Bxc4 18. Rxe8+ Rxe8 19. Bxc4 d5 20. Bf4 Qb6 21.
Na4 Re1+ 22. Qxe1 Qxd4+ 23. Kh1 Qxc4 24. Nc5 Qc2 25. Nxd7 Nxd7 26. Qe8+ Nf8 27.
Re1 Qxf5 28. Kg2 d4 29. Qd8 Bf6 30. Qb8 Qd5+ 31. Kf2 d3 32. Re8 Bd4+ 33. Be3
Qxa2+ 34. Kf3 Qe2+ 35. Kf4 Bxe3+ 36. Rxe3 Qf2+ 37. Rf3 Qd4+ 38. Kf5 d2 0-1

[Event "Top16 Chalons"]
[Site "Chalons en Champagne"]
[Date "2009.05.1"]
[Round "5.8"]
[White "Cochet, Caroline"]
[Black "Nicoara, Malina"]
[Result "1/2-1/2"]
[WhiteElo "2052"]
[BlackElo "2167"]
[WhiteTeam "Antibes"]
[BlackTeam "Strasbourg"]

1. e4 c5 2. Nf3 g6 3. d4 Bg7 4. Nc3 cxd4 5. Nxd4 Nc6 6. Be3 Nf6 7. Bc4 O-O 8.
Bb3 a5 9. f3 d5 10. exd5 Nb4 11. Nde2 a4 12. Nxa4 Nfxd5 13. Bf2 Bd7 14. Nac3
Nxc3 15. Nxc3 Qc8 16. O-O e6 17. Qe2 Na6 18. Qe3 Bc6 19. Rad1 Qc7 20. Rd3 Rfe8
21. Qb6 Qe7 22. Rfd1 Qg5 23. Qe3 Qa5 24. a3 Rac8 25. Kh1 Qh5 26. Ba2 Be5 27. h3
Bg7 28. b4 Nb8 29. Bb3 Be5 30. a4 Bxf3 31. Qxf3 Qxf3 32. gxf3 Rxc3 33. Rxc3
Bxc3 34. b5 Rc8 35. Kg2 Kf8 36. Bg3 Ke7 37. Rd3 Nd7 38. Bd6+ Kf6 39. f4 e5 40.
fxe5+ Nxe5 41. Bxe5+ Bxe5 42. Rf3+ Kg5 43. Rxf7 b6 44. Rxh7 Rc3 45. h4+ Kf4 46.
h5 gxh5 47. Rxh5 Rg3+ 48. Kf2 Rf3+ 49. Ke2 Re3+ 50. Kf2 Rf3+ 51. Kg2 Rg3+ 52.
Kf2 1/2-1/2

[Event "Top16 Chalons"]
[Site "Chalons en Champagne"]
[Date "2009.05.2"]
[Round "6.1"]
[White "Stellwagen, Daniel"]
[Black "Postny, Evgeny"]
[Result "1/2-1/2"]
[WhiteElo "2619"]
[BlackElo "2648"]
[WhiteTeam "Montpellier"]
[BlackTeam "Metz Fischer"]

1. e4 e5 2. Nf3 Nc6 3. Bb5 a6 4. Ba4 Nf6 5. O-O Be7 6. Re1 b5 7. Bb3 d6 8. c3
O-O 9. h3 Nb8 10. d4 Nbd7 11. Nbd2 Bb7 12. Bc2 Re8 13. a4 c5 14. d5 c4 15. b4
cxb3 16. Nxb3 Qc7 17. Bd3 Qxc3 18. axb5 axb5 19. Rb1 Reb8 20. Qe2 b4 21. Bd2
Qc7 22. Rec1 Qd8 23. Bb5 Bc8 24. Bxb4 Ba6 25. Bxa6 Rxb4 26. Nbd2 Rxb1 27. Rxb1
Nc5 28. Bb5 Rb8 29. Bd3 Rxb1+ 30. Bxb1 Qb6 31. g3 Bd8 32. Bc2 Qb4 33. Nc4 Bc7
34. Kg2 Qc3 35. Bb1 g6 36. Nfd2 Kg7 1/2-1/2

[Event "Top16 Chalons"]
[Site "Chalons en Champagne"]
[Date "2009.05.2"]
[Round "6.2"]
[White "Riazantsev, Alexander"]
[Black "Van Wely, Loek"]
[Result "1/2-1/2"]
[WhiteElo "2635"]
[BlackElo "2622"]
[WhiteTeam "Metz Fischer"]
[BlackTeam "Montpellier"]

1. d4 d5 2. c4 c6 3. Nf3 Nf6 4. e3 a6 5. Nc3 b5 6. b3 Bg4 7. Be2 e6 8. O-O Nbd7
9. h3 Bf5 10. Bd3 Bg6 11. Qc2 Be7 12. Bxg6 hxg6 13. e4 b4 14. exd5 cxd5 15. Ne2
dxc4 16. bxc4 O-O 17. a3 a5 18. axb4 axb4 19. Bd2 Qc7 20. Rab1 Rfb8 21. Rb2 Ra3
22. Rfb1 Qa5 23. Ne1 Qa4 24. Qxa4 Rxa4 25. Nd3 Ne4 26. Be1 e5 27. f3 Bd8 28. c5
Ndf6 29. c6 Be7 30. Bxb4 Bxb4 31. Rxb4 Raxb4 32. Rxb4 Rxb4 33. Nxb4 exd4 34.
Nxd4 Nd6 35. g4 Kf8 36. Kf2 Ke7 37. h4 Kd8 38. Nd3 Kc7 39. Ne5 Nd5 40. Kg3 Kb6
41. f4 Kc5 42. Nb3+ Kb4 43. Nd2 Kc3 44. Ndf3 Kb4 45. Ng5 f6 46. Nxg6 fxg5 47.
fxg5 Kc5 48. h5 Kxc6 49. Ne5+ Kc5 50. h6 gxh6 51. gxh6 Nf6 52. g5 Kd5 53. Nd7
Nfe4+ 54. Kf4 Nxg5 55. Kxg5 Nf7+ 1/2-1/2

[Event "Top16 Chalons"]
[Site "Chalons en Champagne"]
[Date "2009.05.2"]
[Round "6.3"]
[White "Prie, Eric"]
[Black "Svetushkin, Dmitry"]
[Result "1/2-1/2"]
[WhiteElo "2504"]
[BlackElo "2615"]
[WhiteTeam "Montpellier"]
[BlackTeam "Metz Fischer"]

1. d4 Nf6 2. Bf4 e6 3. e3 c5 4. c3 Nc6 5. Nf3 d5 6. Nbd2 Bd6 7. Bg3 O-O 8. Bd3
Qe7 9. Ne5 Nd7 10. Nxd7 Bxd7 11. Bxd6 Qxd6 12. dxc5 Qxc5 13. Bxh7+ Kxh7 14.
Qh5+ Kg8 15. Ne4 Qc4 16. Ng5 Rfd8 17. Qxf7+ Kh8 18. Qh5+ Kg8 19. Qf7+ Kh8 20.
h4 Ne5 21. Qh5+ Kg8 22. O-O-O Qxa2 23. Qh7+ Kf8 24. Qh8+ Ke7 25. Qxg7+ Kd6 26.
Ne4+ Kc6 27. Qxe5 Qa1+ 28. Kd2 Qxb2+ 29. Ke1 b6 30. Nd6 Qa3 31. c4 Qb4+ 32. Rd2
Qc5 33. h5 Be8 34. cxd5+ exd5 35. Nf5 1/2-1/2